[Event "Niteroi op 3rd"]
[Site "Niteroi"]
[Date "2023.09.05"]
[Round "3"]
[White "De Souza, Felipe Guimaraes"]
[Black "Hubner, Jessica Trindade"]
[Result "1-0"]
[WhiteElo "2016"]
[BlackElo "1717"]
[PlyCount "97"]
[EventDate "2023.09.04"]
[EventType "swiss"]
[EventRounds "9"]
[EventCountry "BRA"]
[SourceTitle "EXT 2024"]
[Source "ChessBase"]
[SourceDate "2023.10.10"]
[SourceVersion "1"]
[SourceVersionDate "2023.10.10"]
[SourceQuality "1"]

1. Nf3 c5 2. e4 Nc6 3. c4 e5 4. Nc3 d6 5. h3 Nf6 6. d3 h6 7. g3 Nd4 8. Nxd4 cxd4 9. Ne2 Be7 10. Bg2 b5 11. Nxd4 exd4 12. e5 Rb8 13. exf6 Bxf6 14. 0-0 0-0 15. cxb5 Rxb5 16. b3 Be6 17. Bb2 Qd7 18. Kh2 a5 19. Rc1 Rb6 20. Ba3 Rfb8 21. Qd2 a4 22. b4 Qb5 23. Rfe1 h5 24. Rc2 h4 25. g4 g5 26. Kg1 Kg7 27. Rb1 Kh6 28. Bc1 Rg8 29. f4 Bd5 30. Qf2 Kg6 31. fxg5 Be5 32. Qf5+ Kg7 33. g6 Be6 34. Bh6+ Kh8 35. Qh5 Rxg6 36. Bg5+ Kg7 37. Be4 Bh2+ 38. Kxh2 Qxg5 39. Bxg6 Qf4+ 40. Kg1 Qg3+ 41. Rg2 Qe3+ 42. Kh2 fxg6 43. Qxh4 Qxd3 44. Qe7+ Bf7 45. Rf2 Qc4 46. Rbf1 Kh6 47. Rxf7 Qc2+ 48. R1f2 Rb7 49. Qh4# 1-0

[Event "Florianopolis op 9th"]
[Site "Florianopolis"]
[Date "2023.01.29"]
[Round "10"]
[White "De Souza, Felipe Guimaraes"]
[Black "Ribeiro, Davison Soares"]
[Result "1/2-1/2"]
[WhiteElo "1943"]
[BlackElo "1800"]
[PlyCount "92"]
[EventDate "2023.01.23"]
[EventType "swiss"]
[EventRounds "10"]
[EventCountry "BRA"]
[SourceTitle "CBM 212 Extra"]
[Source "ChessBase"]
[SourceDate "2023.03.31"]
[SourceVersion "1"]
[SourceVersionDate "2023.03.31"]
[SourceQuality "1"]

1. Nf3 Nf6 2. c4 g6 3. Nc3 d5 4. cxd5 Nxd5 5. Qa4+ c6 6. Qd4 f6 7. e4 Nxc3 8. Qxd8+ Kxd8 9. dxc3 e5 10. Be3 Be6 11. h4 h5 12. 0-0-0+ Kc7 13. Nd2 Nd7 14. Bc4 Bxc4 15. Nxc4 Nc5 16. Bxc5 Bxc5 17. b4 Be7 18. Kc2 Rad8 19. Rhg1 Rh6 20. Ne3 Rdh8 21. g3 Re8 22. Kd3 Rd8+ 23. Ke2 Re8 24. g4 hxg4 25. Rxg4 Reh8 26. Rdg1 Rxh4 27. Rxh4 Rxh4 28. Rxg6 Rxe4 29. Rg7 Kd8 30. Rg8+ Kd7 31. Rb8 Kc7 32. Ra8 a6 33. Re8 Kd7 34. Rb8 Kc7 35. Rh8 f5 36. Rh5 a5 37. f3 Rh4 38. Rxh4 Bxh4 39. Nxf5 Bd8 40. Kd3 Kd7 41. Ke4 Ke6 42. a4 Bc7 43. Ne3 b5 44. axb5 cxb5 45. Nd5 Bd8 46. bxa5 Bxa5 1/2-1/2

[Event "Niteroi op 2nd"]
[Site "Niteroi"]
[Date "2022.09.07"]
[Round "9"]
[White "De Souza, Felipe Guimaraes"]
[Black "Boff, Lucas Strauss"]
[Result "1/2-1/2"]
[WhiteElo "1893"]
[BlackElo "2043"]
[PlyCount "93"]
[EventDate "2022.09.01"]
[EventType "swiss"]
[EventRounds "9"]
[EventCountry "BRA"]
[SourceTitle "EXT 2024"]
[Source "ChessBase"]
[SourceDate "2023.10.10"]
[SourceVersion "1"]
[SourceVersionDate "2023.10.10"]
[SourceQuality "1"]

1. d4 Nf6 2. c4 g6 3. Nc3 d5 4. Nf3 Bg7 5. Bf4 0-0 6. e3 c5 7. dxc5 Qa5 8. Rc1 dxc4 9. Bxc4 Qxc5 10. Bb3 Nc6 11. 0-0 Qa5 12. h3 Nd7 13. Qe2 Nc5 14. Bc4 e5 15. Bh2 Be6 16. Bb5 f6 17. Rfd1 Rfd8 18. Nd5 Rxd5 19. Rxd5 Bxd5 20. Rxc5 Bf7 21. Qc2 Qxa2 22. Bxc6 bxc6 23. Rxc6 Qa1+ 24. Qc1 Qxc1+ 25. Rxc1 Rb8 26. Rc2 Rb7 27. Nd2 Be6 28. f3 Kf7 29. Kf2 Ke7 30. Ke2 Bh6 31. h4 Bd7 32. g4 Bb5+ 33. Kf2 Ba4 34. b3 Bxb3 35. Nxb3 Rxb3 36. g5 fxg5 37. Rc7+ Ke6 38. Rxh7 Bf8 39. Rxa7 Bc5 40. Ra6+ Kf5 41. hxg5 Rb2+ 42. Kg3 Bxe3 43. Kh3 Bxg5 44. Bxe5 Kxe5 45. Rxg6 Kf5 46. Rg8 Be7 47. Rg3 1/2-1/2

[Event "Niteroi op 2nd"]
[Site "Niteroi"]
[Date "2022.09.02"]
[Round "3"]
[White "Barberi, Catarina"]
[Black "De Souza, Felipe Guimaraes"]
[Result "0-1"]
[WhiteElo "1304"]
[BlackElo "1893"]
[PlyCount "62"]
[EventDate "2022.09.01"]
[EventType "swiss"]
[EventRounds "9"]
[EventCountry "BRA"]
[SourceTitle "CBM 210 Extra"]
[Source "ChessBase"]
[SourceDate "2022.11.30"]
[SourceVersion "1"]
[SourceVersionDate "2022.11.30"]
[SourceQuality "1"]

1. d4 Nf6 2. Nf3 e6 3. c4 b6 4. g3 Ba6 5. Qc2 c6 6. Bg2 d5 7. Nbd2 Be7 8. 0-0 0-0 9. Re1 Nbd7 10. b3 c5 11. cxd5 Nxd5 12. Bb2 Rc8 13. Qb1 cxd4 14. Nxd4 Bb4 15. Bxd5 exd5 16. Rd1 Re8 17. e3 Ne5 18. a3 Bd3 19. Qa2 Bxd2 20. Rxd2 Be4 21. f4 Nd3 22. Ne2 Qd7 23. Bd4 Re6 24. Nc3 Rec6 25. Nxe4 dxe4 26. Rad1 Qg4 27. Rf1 Rc1 28. Kg2 Rxf1 29. Kxf1 Qf3+ 30. Kg1 Rc1+ 31. Rd1 Rxd1# 0-1

[Event "Niteroi op 2nd"]
[Site "Niteroi"]
[Date "2022.09.02"]
[Round "2"]
[White "De Souza, Felipe Guimaraes"]
[Black "Luz, Arthur Nader"]
[Result "0-1"]
[WhiteElo "1893"]
[BlackElo "2199"]
[PlyCount "69"]
[EventDate "2022.09.01"]
[EventType "swiss"]
[EventRounds "9"]
[EventCountry "BRA"]
[SourceTitle "CBM 210 Extra"]
[Source "ChessBase"]
[SourceDate "2022.11.30"]
[SourceVersion "1"]
[SourceVersionDate "2022.11.30"]
[SourceQuality "1"]

1. Nf3 d6 2. d4 Nf6 3. c4 g6 4. Nc3 Bg7 5. e4 0-0 6. Be2 e5 7. d5 a5 8. Bg5 h6 9. Bh4 Qe8 10. Nd2 Nh7 11. a3 a4 12. 0-0 Bd7 13. Nb5 Bxb5 14. cxb5 Nd7 15. f3 b6 16. Rc1 Nc5 17. Bf2 h5 18. Be3 Qe7 19. Rc4 f5 20. Bxc5 bxc5 21. Rxa4 Rxa4 22. Qxa4 Bh6 23. Nc4 Bf4 24. g3 Qg5 25. Kf2 fxe4 26. gxf4 Rxf4 27. Ke1 Qh4+ 28. Kd1 exf3 29. Rxf3 Rd4+ 30. Kc2 Qe4+ 31. Kc1 Qxe2 32. Qa8+ Kg7 33. Rc3 Nf6 34. b6 Ne4 35. Qa6 0-1